Paroles-Me voilà (Spirit l'étalon des plaines) - Statistiques

Statistiques générales
  • Ce quiz a été pris 130 fois
  • Le résultat moyen est 69 sur 83
Statistiques - réponses
Réponse % Correct
Me
100%
me
100%
me
100%
voilà
100%
voilà
100%
voilà
100%
97%
la
97%
la
97%
la
97%
la
97%
Je
96%
je
96%
suis
96%
à
95%
de
91%
de
91%
de
91%
de
91%
de
91%
de
91%
de
91%
un
88%
un
88%
un
88%
un
88%
un
88%
un
88%
nouveau
86%
nouveau
86%
nouveau
86%
nouveau
86%
nouvelle
86%
nouvelle
86%
vie
86%
vie
86%
au
85%
au
85%
au
85%
et
85%
et
85%
prairie
85%
prairie
85%
une
85%
une
85%
qui
84%
qui
84%
qui
84%
qui
84%
coeur
81%
coeur
81%
fois
81%
rythme
81%
rythme
81%
monde
80%
monde
80%
bat
79%
bat
79%
que
79%
que
79%
tout
79%
moi
77%
moi
77%
fort
76%
jour
76%
jour
76%
joies
74%
joies
74%
fier
73%
nouvelles
73%
nouvelles
73%
Si
73%
si
73%
fragile
72%
terre
71%
ancetres
70%
Libre
70%
mes
70%
n'attendaient
66%
n'attendaient
66%
naitre
64%
viens
63%
sein
58%
Aucun quiz correspondant
Distribution des résultats
% des personnes avec chaque résultat
Percentile par nombre de réponses
Votre historique - résultats
Vous n’avez pas pris ce quiz